| 000 | 01018nam a2200289Ia 4500 | ||
|---|---|---|---|
| 003 | EC-GqESP | ||
| 005 | 20251031155540.0 | ||
| 008 | 250425s9999 xx 000 0 und d | ||
| 010 | _a51328 | ||
| 020 | _a8448127331 | ||
| 041 | _aspa | ||
| 082 |
_a581.15 _pPED |
||
| 100 | _aPEDAUYE RUIZ, JULIO | ||
| 245 | 0 | _aALIMENTOS TRANSGENICOS: LA NUEVA REVOLUCION VERDE | |
| 250 | _a1A ED. | ||
| 260 |
_aEspaña _bMCGRAW HILL _c2000 |
||
| 260 | _aMADRID | ||
| 300 | _a155 | ||
| 500 | _aEN CIBGZ-FIMCP 50114/115 C.1-2 PARA ING. ALIMENTOS Y AGROP. | ||
| 520 | _aLA GENETICA ACTUAL HA EXPERIMENTADO EN LOS ULTIMOS AÑOS UNOS AVANCES. DERIVADOS DE LA BIOINGENIERIA, QUE SUPONEN UNAS POSIBILIDADES PRACTICAS DE APLICACIONES INUSITADAS EN MUY DIVERSOS AMBITOS. ASI SUCEDE CON LA PRODUCCION DE ALIMENTOS MEDIANTE LA UTILIZ | ||
| 650 | _aCLON-GENES | ||
| 650 | _aCONTAMINACION AMBIENTAL-PESTICIDAS | ||
| 650 | _aINGENIERIA GENETICA | ||
| 650 | _aTECNICAS ADN | ||
| 700 | _aPEDAUYE RUIZ, VIRGINIA | ||
| 942 | _c01 | ||
| 999 |
_c222800 _d222800 |
||